[Event "Titled Tuesday intern op 23rd Apr Late"]
[Site "Chess.com INT"]
[Date "2024.04.23"]
[Round "2"]
[White "Estrada Nieto, Julian"]
[Black "Floresvillar Gonzalez, Luis Miguel"]
[Result "1-0"]
[WhiteElo "2195"]
[BlackElo "2019"]
[PlyCount "63"]
[EventDate "2024.04.23"]
[EventType "swiss (blitz)"]
[EventRounds "11"]
[EventCountry "USA"]
[SourceTitle "CB18_2024"]
[SourceDate "2024.05.01"]
[SourceVersion "1"]
[SourceVersionDate "2024.05.01"]
[SourceQuality "2"]

1. e4 c6 2. d4 d5 3. exd5 cxd5 4. Bd3 Nc6 5. c3 Qc7 6. h3 Nf6 7. Nf3 e6 8. 0-0 a6 9. Bg5 Be7 10. Nbd2 0-0 11. Qe2 b5 12. Ne5 Nxe5 13. dxe5 Ne8 14. Nf3 Bxg5 15. Bxh7+ Kxh7 16. Nxg5+ Kg6 17. Qg4 f5 18. exf6 Nxf6 19. Qh4 Rh8 20. Qxh8 Kxg5 21. Rae1 Bb7 22. f4+ Kg6 23. Qh4 Qb6+ 24. Kh2 Rf8 25. Re5 Kf7 26. f5 exf5 27. Rfxf5 Qd6 28. Kh1 d4 29. cxd4 Qc6 30. d5 Qc1+ 31. Kh2 Qxb2 32. Rxf6+ 1-0

[Event "Titled Tuesday intern op 16th Apr Late"]
[Site "Chess.com INT"]
[Date "2024.04.16"]
[Round "9"]
[White "Floresvillar Gonzalez, Luis Miguel"]
[Black "Omariev, Maksim"]
[Result "0-1"]
[WhiteElo "2019"]
[BlackElo "2304"]
[PlyCount "100"]
[EventDate "2024.04.16"]
[EventType "swiss (blitz)"]
[EventRounds "11"]
[EventCountry "USA"]
[SourceTitle "CB17_2024"]
[SourceDate "2024.04.24"]
[SourceVersion "1"]
[SourceVersionDate "2024.04.24"]
[SourceQuality "1"]

1. d4 h5 2. c3 h4 3. h3 d5 4. Bf4 Bf5 5. Qb3 b6 6. e3 e6 7. Nf3 Bd6 8. Bxd6 cxd6 9. Bb5+ Nd7 10. Nbd2 Ne7 11. c4 Be4 12. 0-0 0-0 13. Ng5 Bg6 14. Bxd7 Qxd7 15. cxd5 Nxd5 16. Rac1 Rac8 17. Ngf3 Qe7 18. Rfd1 Bh5 19. Re1 Qf6 20. Qa3 Qe7 21. e4 Nf4 22. Qe3 e5 23. dxe5 dxe5 24. Nc4 Bxf3 25. Qxf3 Rc5 26. b4 Rc6 27. Ne3 Rxc1 28. Rxc1 Qxb4 29. Nf5 g6 30. Nxh4 Rd8 31. a3 Qb2 32. Rf1 Rd3 33. Qg4 Qxa3 34. Nf5 Qc5 35. h4 Rd2 36. h5 Nxh5 37. Nh6+ Kg7 38. Nf5+ Kg8 39. Nh4 Nf4 40. g3 Ne6 41. Nxg6 fxg6 42. Qxe6+ Kg7 43. Kg2 a5 44. Qe8 a4 45. Qxa4 b5 46. Qa6 b4 47. Qb7+ Kf6 48. Ra1 Qxf2+ 49. Kh3 Qh2+ 50. Kg4 Qh5# 0-1

[Event "Titled Tuesday intern op 16th Apr Late"]
[Site "Chess.com INT"]
[Date "2024.04.16"]
[Round "3"]
[White "Floresvillar Gonzalez, Luis Miguel"]
[Black "Wael Sabry, Mina"]
[Result "1-0"]
[WhiteElo "2019"]
[BlackElo "2033"]
[PlyCount "95"]
[EventDate "2024.04.16"]
[EventType "swiss (blitz)"]
[EventRounds "11"]
[EventCountry "USA"]
[SourceTitle "CB17_2024"]
[SourceDate "2024.04.24"]
[SourceVersion "1"]
[SourceVersionDate "2024.04.24"]
[SourceQuality "1"]

1. e4 c5 2. d4 cxd4 3. c3 Nf6 4. e5 Nd5 5. Qxd4 e6 6. Bc4 Nc6 7. Qe4 Nde7 8. f4 Ng6 9. Nf3 Qb6 10. Bb3 Bc5 11. Nbd2 0-0 12. Nc4 Qc7 13. Be3 f5 14. exf6 Bxe3 15. fxg7 Rxf4 16. Qxe3 d5 17. Ncd2 Nce5 18. 0-0 Nxf3+ 19. Nxf3 Bd7 20. Rae1 Re4 21. Qf2 Bb5 22. Ng5 Rf4 23. Nxe6 Rxf2 24. Nxc7 Rxf1+ 25. Rxf1 Bxf1 26. Nxa8 Bc4 27. Nc7 Nf4 28. g3 Nh3+ 29. Kg2 Ng5 30. Nxd5 Bxb3 31. axb3 Ne4 32. Kf3 Nd2+ 33. Kf4 Nxb3 34. Nc7 Kxg7 35. Nb5 a6 36. Nd6 b5 37. Ne8+ Kf7 38. Nc7 Nc5 39. b4 Na4 40. Nxa6 Nxc3 41. Nc7 Ke7 42. g4 Kd6 43. Ne8+ Ke7 44. Ng7 Nd5+ 45. Ke5 Nxb4 46. Kd4 Nc6+ 47. Kc3 Kf6 48. Nf5 1-0

[Event "Titled Tuesday intern op 12th Mar Late"]
[Site "Chess.com INT"]
[Date "2024.03.12"]
[Round "5"]
[White "Floresvillar Gonzalez, Luis Miguel"]
[Black "Da Silva, Erick Feitosa"]
[Result "0-1"]
[WhiteElo "2019"]
[BlackElo "2061"]
[PlyCount "96"]
[EventDate "2024.03.12"]
[EventType "swiss (blitz)"]
[EventRounds "11"]
[EventCountry "USA"]
[SourceTitle "CB12_2024"]
[SourceDate "2023.10.01"]
[SourceVersion "1"]
[SourceVersionDate "2023.10.01"]
[SourceQuality "1"]

1. d4 d5 2. c3 Nf6 3. Bg5 e6 4. Nd2 h6 5. e3 hxg5 6. Bd3 c5 7. Ngf3 g4 8. Ne5 cxd4 9. cxd4 Nc6 10. Nxg4 Nxg4 11. Qxg4 e5 12. Qg3 exd4 13. 0-0 Be6 14. Rac1 Bd6 15. Qxg7 Bxh2+ 16. Kh1 Be5+ 17. Qxh8+ Bxh8 18. exd4 Qh4+ 19. Kg1 Nxd4 20. g3 Qh3 21. Rfe1 Bf6 22. Rc7 Bg5 23. Bf1 Bxd2 24. Bxh3 Nf3+ 25. Kh1 Bxe1 26. Bxe6 fxe6 27. Rxb7 d4 28. Kg2 Ne5 29. Kf1 Ba5 30. f4 Nc6 31. Ke2 Rd8 32. a3 d3+ 33. Kd1 Nd4 34. b4 Bb6 35. a4 Nf3 36. a5 Be3 37. b5 Nh2 38. b6 axb6 39. a6 b5 40. a7 Ng4 41. Rxb5 Nf2+ 42. Ke1 d2+ 43. Ke2 d1Q+ 44. Kxe3 Qd2+ 45. Kf3 Rd3+ 46. Kg2 Ne4+ 47. Kh3 Rxg3+ 48. Kh4 Qh2# 0-1

[Event "Titled Tuesday intern op 12th Mar Late"]
[Site "Chess.com INT"]
[Date "2024.03.12"]
[Round "1"]
[White "Floresvillar Gonzalez, Luis Miguel"]
[Black "Pastar, Slaven"]
[Result "0-1"]
[WhiteElo "2019"]
[BlackElo "2363"]
[PlyCount "64"]
[EventDate "2024.03.12"]
[EventType "swiss (blitz)"]
[EventRounds "11"]
[EventCountry "USA"]
[SourceTitle "CB12_2024"]
[SourceDate "2023.10.01"]
[SourceVersion "1"]
[SourceVersionDate "2023.10.01"]
[SourceQuality "1"]

1. d4 b6 2. Nf3 Bb7 3. Bf4 Nf6 4. e3 e6 5. Be2 Be7 6. c4 Nh5 7. Be5 d6 8. Bg3 Nd7 9. Nc3 g6 10. Qc2 Kf8 11. 0-0 Kg7 12. Nd2 Nxg3 13. fxg3 Bg5 14. Qd3 f5 15. Bf3 c6 16. e4 Nf6 17. exf5 exf5 18. Rae1 Qd7 19. h4 Bh6 20. d5 Rhe8 21. dxc6 Bxc6 22. Bxc6 Qxc6 23. Nf3 Qc5+ 24. Qd4 Be3+ 25. Rxe3 Rxe3 26. Qxc5 dxc5 27. Rd1 Rae8 28. Rd6 R3e6 29. Rd3 R8e7 30. Ng5 Re1+ 31. Kh2 Ng4+ 32. Kh3 Rh1# 0-1

[Event "Titled Tuesday intern op 12th Mar Late"]
[Site "Chess.com INT"]
[Date "2024.03.12"]
[Round "3"]
[White "Indricans, Olgerts"]
[Black "Floresvillar Gonzalez, Luis Miguel"]
[Result "1-0"]
[WhiteElo "2178"]
[BlackElo "2019"]
[PlyCount "115"]
[EventDate "2024.03.12"]
[EventType "swiss (blitz)"]
[EventRounds "11"]
[EventCountry "USA"]
[SourceTitle "CB12_2024"]
[SourceDate "2023.10.01"]
[SourceVersion "1"]
[SourceVersionDate "2023.10.01"]
[SourceQuality "1"]

1. e4 d6 2. d4 Nf6 3. Nc3 g6 4. Be3 Bg7 5. Qd2 0-0 6. Bh6 e5 7. Bxg7 Kxg7 8. Nf3 Nc6 9. 0-0-0 exd4 10. Nxd4 Re8 11. f3 Nxd4 12. Qxd4 Be6 13. Bb5 c6 14. Bc4 Bxc4 15. Qxc4 d5 16. exd5 cxd5 17. Nxd5 Nxd5 18. Rxd5 Qf6 19. Rhd1 Rac8 20. Qd4 Qxd4 21. R5xd4 Rc7 22. c3 Re2 23. R1d2 Rce7 24. Rxe2 Rxe2 25. Rd2 Re1+ 26. Kc2 Ra1 27. Kb3 Rh1 28. h3 Rg1 29. Kc4 Kf6 30. Kc5 Ke6 31. b4 h5 32. c4 h4 33. b5 g5 34. b6 axb6+ 35. Kxb6 Rb1+ 36. Kc7 Rc1 37. Kxb7 Rxc4 38. Kb6 f5 39. Kb5 Rc1 40. a4 g4 41. fxg4 fxg4 42. hxg4 Rb1+ 43. Ka6 Kf6 44. Rd5 Rb2 45. Rh5 Rxg2 46. Rxh4 Kg5 47. Rh8 Rb2 48. Rg8+ Kf6 49. a5 Ke7 50. Ka7 Kd7 51. g5 Kc7 52. g6 Rb7+ 53. Ka6 Rb1 54. g7 Rg1 55. Ka7 Rg5 56. a6 Rg6 57. Rb8 Rxg7 58. Rb7+ 1-0

[Event "Titled Tuesday intern op 27th Feb Late"]
[Site "Chess.com INT"]
[Date "2024.02.27"]
[Round "7"]
[White "Floresvillar Gonzalez, Luis Miguel"]
[Black "Mesquita, Eduardo Barbosa"]
[Result "1/2-1/2"]
[WhiteElo "2019"]
[BlackElo "1948"]
[PlyCount "123"]
[EventDate "2024.02.27"]
[EventType "swiss (blitz)"]
[EventRounds "11"]
[EventCountry "USA"]
[SourceTitle "CB10_2024"]
[SourceDate "2024.03.06"]
[SourceVersion "1"]
[SourceVersionDate "2024.03.06"]
[SourceQuality "1"]

1. d4 d5 2. c3 e6 3. Nf3 Nf6 4. Bg5 Be7 5. e3 h6 6. Bh4 0-0 7. Bd3 b6 8. Qe2 Bb7 9. Ne5 Nbd7 10. f4 Ne4 11. Bxe7 Qxe7 12. 0-0 Rfe8 13. Nd2 Ndf6 14. Nxe4 dxe4 15. Bc4 c6 16. h3 a5 17. a3 a4 18. Rae1 b5 19. Ba2 Rab8 20. g4 c5 21. g5 hxg5 22. fxg5 Nd5 23. Bxd5 Qxg5+ 24. Qg2 Qxg2+ 25. Kxg2 Bxd5 26. Nd7 cxd4 27. Nxb8 Rxb8 28. exd4 f5 29. Kg3 Kf7 30. h4 Rh8 31. Rh1 Kf6 32. Kf4 Rh5 33. Reg1 e3 34. Rh2 e2 35. Re1 Rxh4+ 36. Rxh4 g5+ 37. Kg3 gxh4+ 38. Kxh4 Bc4 39. Kg3 Kg5 40. Kf3 f4 41. Ke4 Kg4 42. Rg1+ Kh3 43. Kxf4 Kh2 44. Re1 Kg2 45. Ke3 Kg3 46. Rxe2 Bxe2 47. Kxe2 Kf4 48. Kd3 Kf3 49. c4 bxc4+ 50. Kxc4 Ke4 51. Kc3 Ke3 52. Kc4 Ke4 53. Kc3 Ke3 54. Kc4 Kd2 55. b3 axb3 56. Kxb3 Kd3 57. a4 Kxd4 58. a5 Kc5 59. Kc3 Kb5 60. Kd4 Kxa5 61. Ke5 Kb4 62. Kxe6 1/2-1/2

[Event "Titled Tuesday intern op 13th Feb Late"]
[Site "Chess.com INT"]
[Date "2024.02.13"]
[Round "4"]
[White "Bilan, Danila"]
[Black "Floresvillar Gonzalez, Luis Miguel"]
[Result "1-0"]
[WhiteElo "2303"]
[BlackElo "2019"]
[PlyCount "103"]
[EventDate "2024.02.13"]
[EventType "swiss (blitz)"]
[EventRounds "11"]
[EventCountry "USA"]
[SourceTitle "CB08_2024"]
[SourceDate "2024.02.21"]
[SourceVersion "1"]
[SourceVersionDate "2024.02.21"]
[SourceQuality "1"]

1. d4 Nf6 2. Nf3 d5 3. c4 c6 4. Nc3 dxc4 5. a4 Bf5 6. e3 e6 7. Bxc4 Bb4 8. 0-0 0-0 9. Qe2 Ne4 10. Nxe4 Bxe4 11. Bd3 Bxd3 12. Qxd3 Nd7 13. Bd2 Bxd2 14. Qxd2 Qf6 15. b4 a6 16. Rfd1 Rfd8 17. Qc3 Qf5 18. h3 h6 19. Rab1 Nf6 20. Rb2 Ne4 21. Qc2 Nd6 22. Qc5 Rd7 23. Ne5 Rdd8 24. Nd3 Ne4 25. Qxf5 exf5 26. Nc5 Nxc5 27. bxc5 Rd7 28. Rdb1 Ra7 29. g3 g5 30. f4 f6 31. Kf2 Kf7 32. Kf3 Ke6 33. g4 Kf7 34. gxf5 h5 35. fxg5 fxg5 36. Rg2 Kf6 37. Rbg1 Rg7 38. e4 Ra8 39. h4 g4+ 40. Kf4 Rd8 41. e5+ Kf7 42. Rd1 Rd5 43. Rg3 Kg8 44. f6 Rgd7 45. Rgd3 Kf7 46. Kf5 Rd8 47. Rb1 R8d7 48. a5 Rxc5 49. dxc5 Rxd3 50. Rxb7+ Kf8 51. e6 Rd5+ 52. Kg6 1-0

[Event "Titled Tuesday intern op 13th Feb Late"]
[Site "Chess.com INT"]
[Date "2024.02.13"]
[Round "8"]
[White "Floresvillar Gonzalez, Luis Miguel"]
[Black "Bongo Akanga Ndjila, Barthelemy"]
[Result "1-0"]
[WhiteElo "2019"]
[BlackElo "1824"]
[PlyCount "115"]
[EventDate "2024.02.13"]
[EventType "swiss (blitz)"]
[EventRounds "11"]
[EventCountry "USA"]
[SourceTitle "CB08_2024"]
[SourceDate "2024.02.21"]
[SourceVersion "1"]
[SourceVersionDate "2024.02.21"]
[SourceQuality "1"]

1. e4 d6 2. Nf3 Nf6 3. Nc3 Nbd7 4. Bb5 c6 5. Ba4 e5 6. d3 Nc5 7. Bb3 Bg4 8. h3 Bh5 9. g4 Bg6 10. Bg5 Be7 11. Nh4 0-0 12. Nf5 d5 13. Qf3 Bxf5 14. gxf5 d4 15. Ne2 Nfd7 16. Bd2 Kh8 17. Rg1 Nxb3 18. axb3 Bf6 19. Qg2 b6 20. Ng3 Qe7 21. Nh5 Rg8 22. h4 c5 23. Bg5 a6 24. Ke2 b5 25. Bxf6 gxf6 26. Qf3 Nb6 27. Rxg8+ Kxg8 28. Qg4+ Kf8 29. Qg7+ Ke8 30. Nxf6+ Kd8 31. Qg8+ Kc7 32. Qxa8 Nxa8 33. Nd5+ Kd6 34. Nxe7 Kxe7 35. Rxa6 Nc7 36. Ra7 Kd6 37. Rxc7 Kxc7 38. Kf3 f6 39. Kg4 Kd7 40. Kh5 Ke7 41. Kh6 Kf7 42. Kxh7 b4 43. h5 Kf8 44. Kg6 Ke7 45. h6 Kf8 46. h7 Ke7 47. h8Q Kd6 48. Qxf6+ Kc7 49. Qxe5+ Kc6 50. Qd5+ Kb5 51. Qd6 Ka5 52. Qxc5+ Ka6 53. Qxb4 Ka7 54. Qxd4+ Ka8 55. Qd7 Kb8 56. f6 Ka8 57. f7 Kb8 58. f8R# 1-0

[Event "Titled Tuesday intern op 13th Feb Late"]
[Site "Chess.com INT"]
[Date "2024.02.13"]
[Round "2"]
[White "Kubicka, Anna"]
[Black "Floresvillar Gonzalez, Luis Miguel"]
[Result "1/2-1/2"]
[WhiteElo "2278"]
[BlackElo "2019"]
[PlyCount "165"]
[EventDate "2024.02.13"]
[EventType "swiss (blitz)"]
[EventRounds "11"]
[EventCountry "USA"]
[SourceTitle "CB08_2024"]
[SourceDate "2024.02.21"]
[SourceVersion "1"]
[SourceVersionDate "2024.02.21"]
[SourceQuality "1"]

1. e4 e5 2. Nf3 Nc6 3. Bb5 a6 4. Ba4 Nf6 5. 0-0 b5 6. Bb3 Be7 7. Re1 0-0 8. h3 d5 9. exd5 Nxd5 10. Nxe5 Nxe5 11. Rxe5 c6 12. Re1 Bd6 13. d4 Qh4 14. Qf3 Be6 15. Nc3 Qxd4 16. Nxd5 Bxd5 17. Bxd5 Qxd5 18. Qxd5 cxd5 19. Be3 Rad8 20. Rad1 Rfe8 21. Kf1 Be5 22. c3 f6 23. Bb6 Rb8 24. Ba5 b4 25. Bxb4 d4 26. f4 dxc3 27. fxe5 Rxb4 28. bxc3 Rb2 29. exf6 Rxe1+ 30. Rxe1 Rxa2 31. fxg7 Kxg7 32. Re7+ Kg6 33. c4 Rc2 34. Ra7 Rxc4 35. Rxa6+ Kg7 36. Kf2 Rc2+ 37. Kg3 Rc3+ 38. Kh4 Rc4+ 39. g4 Rc3 40. Ra5 Rb3 41. Rh5 Ra3 42. Rf5 Rb3 43. Rf4 Ra3 44. g5 Kg6 45. Rf6+ Kg7 46. Kg4 Ra4+ 47. Kh5 Ra3 48. h4 Ra4 49. Rb6 Ra7 50. Rb4 Rc7 51. Kg4 Ra7 52. h5 Rc7 53. h6+ Kf7 54. Rb5 Ra7 55. Kf5 Rc7 56. Ra5 Rb7 57. Kg4 Rb4+ 58. Kh5 Rb7 59. Rf5+ Kg8 60. Rf6 Rb5 61. Rf4 Ra5 62. Kg4 Rb5 63. Rf5 Rb4+ 64. Kh5 Ra4 65. g6 hxg6+ 66. Kxg6 Ra6+ 67. Kg5 Kh7 68. Rf7+ Kg8 69. Rg7+ Kh8 70. Rf7 Kg8 71. Rf5 Kh8 72. Kh5 Kh7 73. Rf7+ Kg8 74. Rb7 Kh8 75. Kg5 Kg8 76. Re7 Kh8 77. h7 Ra5+ 78. Kg6 Ra6+ 79. Kf5 Ra5+ 80. Kf6 Ra6+ 81. Kf5 Ra5+ 82. Kg6 Ra6+ 83. Kf5 1/2-1/2

[Event "Titled Tuesday intern op 06th Feb Late"]
[Site "Chess.com INT"]
[Date "2024.02.06"]
[Round "7"]
[White "Esmeraldas Huachi, Anderson Yahir"]
[Black "Floresvillar Gonzalez, Luis Miguel"]
[Result "1-0"]
[WhiteElo "2148"]
[BlackElo "2019"]
[PlyCount "93"]
[EventDate "2024.02.06"]
[EventType "swiss (blitz)"]
[EventRounds "11"]
[EventCountry "USA"]
[SourceTitle "CB07_2024"]
[SourceDate "2024.02.14"]
[SourceVersion "1"]
[SourceVersionDate "2024.02.14"]
[SourceQuality "1"]

1. d4 Nf6 2. c4 e5 3. dxe5 Ng4 4. Nf3 Bc5 5. e3 Nc6 6. a3 a5 7. Nc3 0-0 8. Be2 Re8 9. 0-0 Ra6 10. b3 Ncxe5 11. Bb2 Rh6 12. h3 Nxf3+ 13. Bxf3 Ne5 14. Ne4 b6 15. Nxc5 bxc5 16. Be2 d6 17. f4 Ng6 18. Qd3 Qe7 19. Bc1 Bb7 20. Bf3 Bxf3 21. Rxf3 Nh4 22. Rf2 Rg6 23. Raa2 Re6 24. f5 Re4 25. g3 Qg5 26. Kh2 Nxf5 27. Rf3 Nxe3 28. Kh1 f5 29. Re2 Qh5 30. Rexe3 Qxh3+ 31. Kg1 Qh6 32. Bd2 Qe6 33. Rxe4 fxe4 34. Qf1 exf3 35. Qxf3 Qf7 36. Qd3 a4 37. bxa4 h6 38. a5 Rf8 39. Qe2 Ra8 40. Kg2 Qd7 41. Qf3 Re8 42. Bc3 c6 43. Qf4 Qe7 44. Kh3 Qe6+ 45. Kh2 Qe2+ 46. Kh3 Qh5+ 47. Qh4 1-0

[Event "Titled Tuesday intern op 06th Feb Late"]
[Site "Chess.com INT"]
[Date "2024.02.06"]
[Round "1"]
[White "Hajiyev, Kanan"]
[Black "Floresvillar Gonzalez, Luis Miguel"]
[Result "1-0"]
[WhiteElo "2081"]
[BlackElo "2019"]
[PlyCount "75"]
[EventDate "2024.02.06"]
[EventType "swiss (blitz)"]
[EventRounds "11"]
[EventCountry "USA"]
[SourceTitle "CB07_2024"]
[SourceDate "2024.02.14"]
[SourceVersion "1"]
[SourceVersionDate "2024.02.14"]
[SourceQuality "1"]

1. d4 d5 2. Nf3 Nf6 3. c4 c6 4. cxd5 cxd5 5. Nc3 Nc6 6. Bg5 Ne4 7. Bf4 f5 8. Qb3 e6 9. e3 Bd6 10. Bxd6 Qxd6 11. Bd3 0-0 12. 0-0 b6 13. Rac1 Bd7 14. a3 Na5 15. Qb4 Qxb4 16. axb4 Nc6 17. Bb5 Nb8 18. Bd3 Rd8 19. Ne5 Be8 20. Bxe4 fxe4 21. b5 a6 22. Ra1 a5 23. b4 Nd7 24. Nc6 axb4 25. Nxd8 Rxa1 26. Rxa1 bxc3 27. Nxe6 Kf7 28. Nc7 Nf6 29. Rc1 Bd7 30. Rxc3 Ne8 31. Nxd5 Bxb5 32. Nxb6 Bd3 33. Nd5 Nd6 34. Rc7+ Kg6 35. Nf4+ Kf5 36. Rxg7 h6 37. Rg6 Nf7 38. g4# 1-0

[Event "Titled Tuesday intern op 23rd Jan Late"]
[Site "Chess.com INT"]
[Date "2024.01.23"]
[Round "1"]
[White "Suvorov, Alexander David"]
[Black "Floresvillar Gonzalez, Luis Miguel"]
[Result "1-0"]
[WhiteElo "2334"]
[BlackElo "2019"]
[PlyCount "77"]
[EventDate "2024.01.23"]
[EventType "swiss (blitz)"]
[EventRounds "11"]
[EventCountry "USA"]
[SourceTitle "CB05_2024"]
[SourceDate "2024.01.31"]
[SourceVersion "1"]
[SourceVersionDate "2024.01.31"]
[SourceQuality "1"]

1. Nf3 d5 2. b3 Bg4 3. Bb2 Nd7 4. c4 e6 5. e3 Ngf6 6. Nc3 c6 7. h3 Bh5 8. Be2 Bd6 9. d4 Qe7 10. g4 Bg6 11. Nh4 Be4 12. Nxe4 Nxe4 13. Nf3 g6 14. a3 f5 15. Nd2 0-0-0 16. gxf5 gxf5 17. Nxe4 fxe4 18. Qc2 Rdf8 19. Rf1 Rhg8 20. b4 Rg2 21. b5 Rfxf2 22. Rxf2 Bg3 23. 0-0-0 Rxf2 24. bxc6 bxc6 25. cxd5 exd5 26. Qxc6+ Kd8 27. Bg4 Bd6 28. Qxd5 Nb6 29. Qg8+ Kc7 30. Kb1 Kb7 31. Rc1 Bxa3 32. Bc8+ Nxc8 33. Qxc8+ Kb6 34. Qc6+ Ka5 35. Qd5+ Ka4 36. Qc6+ Ka5 37. Bxa3 Qxa3 38. Rc5+ Kb4 39. Qb5# 1-0

[Event "Titled Tuesday intern op 16th Jan Late"]
[Site "Chess.com INT"]
[Date "2024.01.16"]
[Round "8"]
[White "Floresvillar Gonzalez, Luis Miguel"]
[Black "Cruz, William Ferreira Da"]
[Result "1-0"]
[WhiteElo "2019"]
[BlackElo "2216"]
[PlyCount "113"]
[EventDate "2024.01.16"]
[EventType "swiss (blitz)"]
[EventRounds "11"]
[EventCountry "USA"]
[SourceTitle "CB04_2024"]
[SourceDate "2023.10.16"]
[SourceVersion "1"]
[SourceVersionDate "2023.10.16"]
[SourceQuality "1"]

1. e3 e5 2. c4 Nf6 3. b3 Nc6 4. Bb2 g6 5. Nf3 d6 6. d4 exd4 7. Nxd4 Bg7 8. Nxc6 bxc6 9. Nd2 0-0 10. Be2 a5 11. 0-0 Re8 12. Bf3 Bd7 13. Qc2 Qb8 14. Ne4 Nxe4 15. Bxg7 Kxg7 16. Bxe4 a4 17. Bd3 Qb6 18. Qc3+ f6 19. b4 a3 20. Rab1 Be6 21. Rb3 Qa7 22. Rd1 Bf7 23. g3 g5 24. Bf1 Be6 25. Bg2 Bd7 26. Rd3 Re5 27. Rxa3 Qb8 28. Rxa8 Qxa8 29. a3 Qa4 30. Qb3 Qxb3 31. Rxb3 Re8 32. a4 Ra8 33. a5 Ra7 34. Ra3 Kf7 35. Be4 h6 36. Kf1 f5 37. Bc2 Kf6 38. Ke2 Ke5 39. Kd3 d5 40. f4+ Kd6 41. Kd4 Be6 42. c5+ Ke7 43. Ke5 gxf4 44. exf4 Rb7 45. Ra4 Rb8 46. a6 Ra8 47. a7 Kd7 48. Bxf5 Bxf5 49. Kxf5 Ke7 50. Ke5 Kf7 51. f5 Re8+ 52. Kf4 Ra8 53. g4 Kf6 54. h4 d4 55. g5+ Ke7 56. Ke4 Kd7 57. Kxd4 1-0

[Event "Titled Tuesday intern op 19th Dec Early"]
[Site "Chess.com INT"]
[Date "2023.12.19"]
[Round "5"]
[White "Floresvillar Gonzalez, Luis Miguel"]
[Black "Kuhn, Clement"]
[Result "0-1"]
[WhiteElo "2019"]
[BlackElo "2341"]
[PlyCount "40"]
[EventDate "2023.12.19"]
[EventType "swiss (blitz)"]
[EventRounds "11"]
[EventCountry "USA"]
[SourceTitle "CB52_2023"]
[SourceDate "2023.12.27"]
[SourceVersion "1"]
[SourceVersionDate "2023.12.27"]
[SourceQuality "1"]

1. d4 Nf6 2. c3 g6 3. Bg5 Bg7 4. Nd2 d6 5. Ngf3 0-0 6. e4 Nbd7 7. d5 h6 8. Bh4 g5 9. Bg3 Nh5 10. Bd3 Nxg3 11. hxg3 c6 12. dxc6 bxc6 13. Qe2 Rb8 14. 0-0-0 Qa5 15. Bc4 Rxb2 16. Qd3 Nc5 17. Qe3 Rb6 18. Nb1 Ba6 19. Bxa6 Qxa2 20. Bd3 Qb2# 0-1

[Event "Titled Tuesday intern op 19th Dec Early"]
[Site "Chess.com INT"]
[Date "2023.12.19"]
[Round "9"]
[White "Floresvillar Gonzalez, Luis Miguel"]
[Black "Sava, Ana Maria"]
[Result "0-1"]
[WhiteElo "2019"]
[BlackElo "1916"]
[PlyCount "92"]
[EventDate "2023.12.19"]
[EventType "swiss (blitz)"]
[EventRounds "11"]
[EventCountry "USA"]
[SourceTitle "CB52_2023"]
[SourceDate "2023.12.27"]
[SourceVersion "1"]
[SourceVersionDate "2023.12.27"]
[SourceQuality "1"]

1. e4 c5 2. d4 cxd4 3. c3 dxc3 4. Nxc3 d6 5. Bc4 e6 6. Nf3 Nc6 7. 0-0 Be7 8. Qe2 Nf6 9. Rd1 Qa5 10. Bf4 e5 11. Bg5 Nd4 12. Nxd4 exd4 13. Bxf6 Bxf6 14. Nd5 Be6 15. Nxf6+ gxf6 16. Bxe6 fxe6 17. Rxd4 Ke7 18. Rad1 Rad8 19. b3 Rhg8 20. g3 Qe5 21. Qe3 Qh5 22. R1d2 Rg4 23. f3 Rg7 24. f4 Qh6 25. Rb4 b6 26. Ra4 Rd7 27. Qd3 Qxf4 28. e5 Qxe5 29. Re2 Qc5+ 30. Kg2 Qc6+ 31. Kg1 Qc1+ 32. Kg2 Qg5 33. Rae4 e5 34. Qd5 Qf5 35. R4e3 h5 36. Re4 Qg5 37. Qd3 h4 38. R4e3 f5 39. Qd5 f4 40. Rxe5+ dxe5 41. Rxe5+ Qxe5 42. Qxe5+ Kd8 43. Qb8+ Ke7 44. Qxf4 hxg3 45. hxg3 Rf7 46. Qh4+ Kd6 0-1

[Event "Titled Tuesday intern op 19th Dec Early"]
[Site "Chess.com INT"]
[Date "2023.12.19"]
[Round "7"]
[White "Podlozniy, Pavel"]
[Black "Floresvillar Gonzalez, Luis Miguel"]
[Result "1-0"]
[WhiteElo "2224"]
[BlackElo "2019"]
[PlyCount "103"]
[EventDate "2023.12.19"]
[EventType "swiss (blitz)"]
[EventRounds "11"]
[EventCountry "USA"]
[SourceTitle "CB52_2023"]
[SourceDate "2023.12.27"]
[SourceVersion "1"]
[SourceVersionDate "2023.12.27"]
[SourceQuality "1"]

1. e4 e6 2. d4 d5 3. Nd2 dxe4 4. Nxe4 Nd7 5. Nf3 Ngf6 6. Nxf6+ Nxf6 7. Bg5 c5 8. Bd3 cxd4 9. Nxd4 Be7 10. c3 0-0 11. Qe2 Qd5 12. Bh4 e5 13. Nf5 Bxf5 14. Bxf5 Rad8 15. 0-0 e4 16. Bxf6 Bxf6 17. Bxe4 Qd2 18. Rfe1 g6 19. g3 Rfe8 20. Qxd2 Rxd2 21. Bxb7 Rxb2 22. Rxe8+ Kg7 23. Bd5 Bxc3 24. Rd1 h5 25. Re7 h4 26. Rxf7+ Kh6 27. gxh4 a5 28. Rf3 Bb4 29. Rf6 Be7 30. Rf4 Bd6 31. Rfd4 Bc5 32. R4d2 Rb4 33. Kg2 Rxh4 34. Bf3 Bb4 35. Rd4 Rxd4 36. Rxd4 g5 37. Rxb4 axb4 38. Kg3 Kg6 39. Kg4 Kf6 40. Bd5 Ke5 41. Bb3 Kf6 42. h4 gxh4 43. Kxh4 Kf5 44. Kg3 Kg5 45. f4+ Kf5 46. Kf3 Kf6 47. Kg4 Kg6 48. f5+ Kf6 49. Kf4 Kg7 50. Ke5 Kf8 51. f6 Ke8 52. f7+ 1-0